Normal view
MARC view
Entry Topical Term
001 - CONTROL NUMBER
- control field: 70879
003 - CONTROL NUMBER IDENTIFIER
- control field: dpl
005 - DATE AND TIME OF LATEST TRANSACTION
- control field: 20240903115123.0
008 - FIXED-LENGTH DATA ELEMENTS
- fixed length control field: 240903|| aca||aabn | a|a d
040 ## - CATALOGING SOURCE
- Original cataloging agency: dpl
- Transcribing agency: dpl
150 ## - HEADING--TOPICAL TERM
- Topical term or geographic name as entry element: Ho (Indic people)
- Geographic subdivision: India
- Geographic subdivision: Kolhan
- General subdivision: Folklore
670 ## - SOURCE DATA FOUND
- Source citation: Work cat.: (dpl)19079: Bompas, C.H. 70878, Folklore of the kolhan/, 2006
